| 000 | 02206nam a22004217a 4500 | ||
|---|---|---|---|
| 001 | 865641999 | ||
| 003 | OCoLC | ||
| 005 | 20210419121322.0 | ||
| 008 | 131217s2014 vaua b 001 0 eng | ||
| 010 | _a 2013050017 | ||
| 016 | 7 |
_a101622210 _2DNLM |
|
| 020 | _a9781585624690 (hardcover : alk. paper) | ||
| 020 | _a1585624691 (hardcover : alk. paper) | ||
| 020 | _a1585624705 (pbk. : alk. paper) | ||
| 020 | _a9781585624706 (pbk. : alk. paper) | ||
| 035 |
_a(OCoLC)865641999 _z(OCoLC)862101901 _z(OCoLC)862101915 |
||
| 040 |
_aDNLM/DLC _erda _beng _cDLC _dYDX _dNLM _dYDXCP _dOCLCO _dVET _dOCLCF _dCUS _dBTCTA _dBDX |
||
| 041 | _aeng | ||
| 042 | _apcc | ||
| 049 | _aYYEA | ||
| 080 |
_a616.89 _bB-64 |
||
| 096 | _aWM 100 B627i 2014 | ||
| 100 | 1 |
_aBlack, Donald W., _d1956- |
|
| 245 | 1 | 0 |
_aIntroductory textbook of psychiatry / _cDonald W. Black, Nancy C. Andreasen. |
| 250 | _a6th ed. | ||
| 260 |
_aArlington, VA : _bAmerican Psychiatric Publishing, _c[2014] |
||
| 300 |
_axvii, 760 pages ; _c23 cm. |
||
| 365 | _b31.66 usd | ||
| 504 | _aIncludes bibliographical references and index. | ||
| 505 | 0 | _aDiagnosis and classification -- Interviewing and assessment -- The neurobiology and genetics of mental illness -- Neurodevelopmental (child) disorders -- Schizophrenia spectrum and related disorders -- Mood disorders -- Anxiety disorders -- Obsessive-compulsive and related disorders -- Trauma- and stressor-related disorders -- Somatic symptom disorders and dissociative disorders -- Feeding and eating disorders -- Sleep-wake disorders -- Sexual dysfunction, gender dysphoria, and paraphilias -- Disruptive, impulse-control, and conduct disorders -- Substance-related and addictive disorders -- Neurocognitive disorders -- Personality disorders -- Psychiatric emergencies -- Legal issues -- Behavioral, cognitive, and psychodynamic treatments -- Psychopharmacology and electroconvulsive therapy. | |
| 590 | _ac.1 10068569 Ritt 9/16/14 $79.00. | ||
| 650 | 2 | _aMental Disorders. | |
| 650 | 2 |
_aPsychiatry _xmethods. |
|
| 653 | _aფსიქიატრია | ||
| 653 | _aმენტალური დარღვევები | ||
| 700 | 1 | _aAndreasen, Nancy C. | |
| 942 |
_2udc _cBK _e6 |
||
| 999 |
_c386 _d386 |
||